000 00416nam a2200181Ia 4500
001 863
005 20260306140549.0
008 260306t1999||||xx |||||||||||||| ||spa||
041 _aESP
082 _a170.4
_bE21
100 _aEco, Umberto
_eAUT
245 0 _a¿En qué creen los que no creen?
260 _c1999
300 _a165 páginas :
_c21cm.
650 _aGEN
654 _aCHU
942 _cLIB
_dJUS
_fJUS
_2ddc
_n
999 _c863
_d863